Famous Married Couples #1 - Statistics

General Stats
  • This quiz has been taken 67,633 times
    24,739 since last reset
  • The average score is 13 of 20
Answer Stats
Couple Last Name % Correct
Hillary & Bill Clinton
99%
Donald & Ivana Trump
97%
Franklin & Eleanor Roosevelt
88%
Victoria & David Beckham
87%
Will & Jada Smith
86%
Tina & Ike Turner
78%
George & Amal Clooney
71%
Nelson & Winnie Mandela
71%
Paul & Linda McCartney
71%
Bill & Melinda Gates
65%
Marie & Pierre Curie
62%
Johnny & June Cash
59%
Jacqueline & Aristotle Onassis
56%
Eva & Juan Perón
55%
George & Martha Washington
54%
Imelda & Ferdinand Marcos
44%
Tony & Cherie Blair
40%
Virginia & Leonard Woolf
40%
Abigail & John Adams
37%
Martin & Coretta King
33%
No matching quizzes found
Score Distribution
Percent of People with Each Score
Percentile by Number Answered
Your Score History
You have not taken this quiz since the last reset